UBT Library

The Performance of the British economy / (Record no. 43226)

000 -LEADER
fixed length control field 00718cam a2200253 a 4500
001 - CONTROL NUMBER
control field 1971311
005 - DATE AND TIME OF LATEST TRANSACTION
control field 20180223065622.0
008 - FIXED-LENGTH DATA ELEMENTS--GENERAL INFORMATION
fixed length control field 880629s1987 enka b 101 0 eng c
010 ## - LIBRARY OF CONGRESS CONTROL NUMBER
LC control number 88155659
020 ## - INTERNATIONAL STANDARD BOOK NUMBER
International Standard Book Number 0198772726 :
Terms of availability £27.50
020 ## - INTERNATIONAL STANDARD BOOK NUMBER
International Standard Book Number 0198772718 (pbk.)
040 ## - CATALOGING SOURCE
Original cataloging agency DLC/MH
Transcribing agency MH
Modifying agency DLC
041 ## - LANGUAGE CODE
Language code of text/sound track or separate title eng
043 ## - GEOGRAPHIC AREA CODE
Geographic area code e-uk---
080 ## - UNIVERSAL DECIMAL CLASSIFICATION NUMBER
Universal Decimal Classification number 330.941
082 00 - DEWEY DECIMAL CLASSIFICATION NUMBER
Classification number 330.941 DOR
Edition number 20
100 ## - Rafti
Rafti 52
101 ## - Shkurtesa
Shkurtesa EKO
245 04 - TITLE STATEMENT
Title The Performance of the British economy /
Statement of responsibility, etc edited by Rudiger Dornbusch and Richard Layard.
504 ## - BIBLIOGRAPHY, ETC. NOTE
Bibliography, etc Includes bibliographies and index.
906 ## - LOCAL DATA ELEMENT F, LDF (RLIN)
a 7
b cbc
c orignew
d 3
e ncip
f 19
g y-gencatlg
942 ## - ADDED ENTRY ELEMENTS (KOHA)
Source of classification or shelving scheme
Item type Books
Holdings
Withdrawn status Lost status Source of classification or shelving scheme Damaged status Not for loan Collection code Permanent location Current location Shelving location Date acquired Total Checkouts Full call number Barcode Date last seen Price effective from Koha item type
          Koleksioni i përgjithshem UBT - Lipjan UBT - Lipjan Koleksioni i përgjithshem 02/23/2018   330.941 DOR 002-2999717 02/23/2018 02/23/2018 Books
UBT Library © 2015-2024. All rights reserved University Education for Business and Technology